Dodd-Frank derivatives reform : challenges facing U.S. and international markets : hearing before the Subcommittee on General Farm Commodities and Risk Management of the Committee on Agriculture, House of Representatives, One Hundred Twelfth Congress, second session, December 13, 2012.

Bibliographic Details
Corporate Author: United States. Congress. House. Committee on Agriculture. Subcommittee on General Farm Commodities and Risk Management (Author)
Format: Government Document eBook
Language:English
Published: Washington : U.S. Government Printing Office, 2013.
Subjects:
Online Access:https://purl.fdlp.gov/GPO/gpo34072
http://purl.fdlp.gov/GPO/gpo34072

MARC

Tag First Indicator Second Indicator Subfields
LEADER 00000cam a2200000 i 4500
001 in00002830121
005 20210312124243.0
006 m o d f
007 cr b|||||a||||
008 130214s2013 dcu ob f000 0 eng c
035 |a (OCoLC)ocn827733627 
042 |a pcc 
043 |a n-us--- 
040 |a GPO  |b eng  |e rda  |c GPO  |d MvI 
049 |a WWW 
050 1 4 |a KF27  |b .A3446 2012a 
074 |a 1010-C (online) 
086 0 |a Y 4.AG 8/1:112-35 
088 |a Serial no. 112-35 (United States. Congress. House. Committee on Agriculture) 
110 1 |a United States.  |b Congress.  |b House.  |b Committee on Agriculture.  |b Subcommittee on General Farm Commodities and Risk Management,  |e author. 
245 1 0 |a Dodd-Frank derivatives reform :  |b challenges facing U.S. and international markets : hearing before the Subcommittee on General Farm Commodities and Risk Management of the Committee on Agriculture, House of Representatives, One Hundred Twelfth Congress, second session, December 13, 2012. 
264 1 |a Washington :  |b U.S. Government Printing Office,  |c 2013. 
300 |a 1 online resource (iii, 82 pages) 
336 |a text  |b txt  |2 rdacontent 
337 |a computer  |b c  |2 rdamedia 
338 |a online resource  |b cr  |2 rdacarrier 
500 |a Title from title screen (viewed Feb. 14, 2013). 
500 |a Paper version available for sale by the Superintendent of Documents, U.S. Government Printing Office. 
504 |a Includes bibliographical references. 
500 |a "Serial no. 112-35." 
650 0 |a Derivative securities  |x Law and legislation  |z United States. 
650 0 |a Swaps (Finance)  |x Law and legislation  |z United States. 
650 0 |a Financial institutions, International  |x Law and legislation  |z United States. 
776 0 8 |i Print version:  |a United States. Congress. House. Committee on Agriculture. Subcommittee on General Farm Commodities and Risk Management.  |t Dodd-Frank derivatives reform  |w (DLC) 2013376684  |w (OCoLC)827733547 
776 0 8 |i Microfiche version:  |a United States. Congress. House. Committee on Agriculture. Subcommittee on General Farm Commodities and Risk Management.  |t Dodd-Frank derivatives reform  |w (OCoLC)846501225 
856 4 0 |u https://purl.fdlp.gov/GPO/gpo34072  |t 0 
856 4 0 |u http://purl.fdlp.gov/GPO/gpo34072  |t 0 
999 f f |s 244238b1-ab1f-3607-bfd6-16461e95ed35  |i 855f0f34-fb21-3aba-bade-e0a0f9645c58  |t 0 
952 f f |a Texas A&M University  |b College Station  |c Electronic Resources  |d Available Online  |t 0  |e Y 4.AG 8/1:112-35  |h Superintendent of Documents classification 
998 f f |a Y 4.AG 8/1:112-35  |t 0  |l Available Online